000 00806nam a22002177a 4500
003 OSt
005 20220922154327.0
008 220922b |||||||| |||| 00| 0 eng d
020 _a980-6454-13-8
040 _cBiblioteca Lado V
082 _a708.987.7
_bF981g
110 _910
_aFundación Cisneros
245 _aGeo-Metrias/
_bAbstracción Geométrica Latinoamericana en la colección Cisneros/
260 _aCaracas, Venezuela
_bFundación Cisneros
_c2003
300 _a103p.
_c23x21cm
650 _2Tesauro de Arte & Arquitectura
_aARTE CONTEMPORANEO
650 _2Tesauro de Arte & Arquitectura
_aARTE LATINOAMERICANO
650 _2Tesauro de Arte & Arquitectura
_aGEOMETRIA
650 _2Tesauro de Arte & Arquitectura
_aEXPOSICION
942 _2ddc
_c1
_h708.987.7
_iF981g
_n0
999 _c2105
_d2105